| 000 | 00821cab a2200277 4500 | ||
|---|---|---|---|
| 001 | ABS50617 | ||
| 008 | 090401t1994 xxu||||| |||| 00| 0 eng d | ||
| 035 | _a(Sirsi) u76684 | ||
| 041 | _aeng | ||
| 245 | _aEstates Times survey: South Yorkshire | ||
| 260 | _c1994 | ||
| 350 | _a0 | ||
| 490 |
_aEstates Times _v(1234) 13 May 1994, 15-20(5) |
||
| 650 | _aBARNSLEY | ||
| 650 | _aDEARNE VALLEY PARTNERSHIP | ||
| 650 | _aDISTRIBUTION MARKET | ||
| 650 | _aDONCASTER | ||
| 650 | _aPROPERTY-COMMERCIAL PROPERTY-OFFICE PROPERTY-OFFICE PROPERTY MARKET | ||
| 650 | _aPROPERTY-COMMERCIAL PROPERTY-RETAIL PROPERTY-RETAIL PROPERTY MARKET | ||
| 650 | _aSHEFFIELD | ||
| 650 | _aSUPERTRAM | ||
| 650 | _aTRAMS | ||
| 690 | _aPROPERTY-COMMERCIAL PROPERTY-COMMERCIAL PROPERTY MARKET | ||
| 942 | _n0 | ||
| 948 | _c04/03/1997 | ||
| 999 |
_c48183 _d48183 |
||